[Event "IND-chT 37th"]
[Site "Bhopal"]
[Date "2017.02.05"]
[Round "5.3"]
[White "Joshi, Manish"]
[Black "Thanki, Hemal Karsanji"]
[Result "0-1"]
[WhiteElo "2040"]
[BlackElo "2135"]
[PlyCount "142"]
[EventDate "2017.02.02"]
[EventType "team-swiss"]
[EventRounds "9"]
[EventCountry "IND"]
[SourceTitle "CBM 176 Extra"]
[Source "ChessBase"]
[SourceDate "2017.03.02"]
[SourceVersion "1"]
[SourceVersionDate "2017.03.02"]
[SourceQuality "1"]
[WhiteTeam "MP TEAM II"]
[BlackTeam "Bharat Sanchar Nigam"]
[WhiteTeamCountry "IND"]
[BlackTeamCountry "IND"]

1. d4 c5 2. Nf3 cxd4 3. Nxd4 Nc6 4. Nc3 g6 5. g3 Bg7 6. Nb3 Nf6 7. Bg2 d6 8. h3 Be6 9. e4 Bc4 10. Bf1 Bxf1 11. Kxf1 0-0 12. Kg2 Rc8 13. Be3 b5 14. Nxb5 Nxe4 15. f3 a6 16. N5d4 Nf6 17. Nxc6 Rxc6 18. Nd4 Rc4 19. c3 Nd5 20. Bf2 Qa8 21. Qd3 Rfc8 22. Rad1 e6 23. Rd2 Qb7 24. Rhd1 a5 25. Nb3 Qc7 26. Nd4 Rb8 27. Re2 Be5 28. Rdd2 a4 29. a3 Rc8 30. Re4 Qb7 31. Ne2 Rxe4 32. Qxe4 Qb5 33. Bd4 f5 34. Qd3 Qxd3 35. Rxd3 Rb8 36. c4 Nb6 37. c5 Nd5 38. cxd6 Bxd6 39. f4 Kf7 40. Kf3 Be7 41. Nc3 Rb3 42. Be5 Bc5 43. g4 h5 44. gxh5 gxh5 45. Kg3 Kg6 46. Rf3 Nb6 47. Nd1 Rxf3+ 48. Kxf3 Nc4 49. Bc3 Bd6 50. Bd4 Bb8 51. Bc3 Kf7 52. Ne3 Nxe3 53. Kxe3 Ke7 54. Kf3 Kd7 55. Kg3 Bd6 56. Bd2 Be7 57. Kf3 Kc6 58. Ke3 Kd5 59. Kd3 Bf6 60. Bc3 e5 61. Ke2 Ke4 62. fxe5 Bxe5 63. Kd2 Bd6 64. Ke2 f4 65. Bg7 Bc5 66. Bf6 f3+ 67. Kd2 Be3+ 68. Ke1 Kd3 69. Bh8 Ke4 70. Bf6 Kf4 71. Bh4 Bd4 0-1

[Event "IND-chB 48th"]
[Site "Bhiwani"]
[Date "2010.09.17"]
[Round "2"]
[White "Joshi, Manish"]
[Black "Karthikeyan, Pandian"]
[Result "1/2-1/2"]
[WhiteElo "2178"]
[BlackElo "2398"]
[PlyCount "62"]
[EventDate "2010.09.16"]
[EventType "swiss"]
[EventRounds "13"]
[EventCountry "IND"]
[SourceTitle "CBM 138 Extra"]
[Source "ChessBase"]
[SourceDate "2010.10.29"]
[SourceVersion "1"]
[SourceVersionDate "2010.10.29"]
[SourceQuality "1"]

1. d4 Nf6 2. Nf3 e6 3. c4 Bb4+ 4. Bd2 a5 5. Qc2 d5 6. a3 Be7 7. Nc3 c5 8. cxd5 exd5 9. dxc5 Be6 10. e3 0-0 11. Be2 Bxc5 12. 0-0 Nc6 13. Nb5 Bb6 14. Bc3 Ne4 15. Nfd4 Rc8 16. Rac1 Qe7 17. Qd3 Ne5 18. Qd1 Nc4 19. Bd3 Bd7 20. Qe2 Qh4 21. Rfd1 Rfe8 22. Be1 Qg5 23. b3 Bxb5 24. bxc4 Bd7 25. Qb2 Bh3 26. Bf1 Bc7 27. Nf3 Qg6 28. Rxd5 Be6 29. Rb5 Bg4 30. Ne5 Rxe5 31. Rxe5 Qd6 1/2-1/2

[Event "Mumbai Mayors Cup 1st"]
[Site "Mumbai"]
[Date "2008.05.15"]
[Round "6"]
[White "Joshi, Manish"]
[Black "Mitali, Madhukar Patil"]
[Result "1-0"]
[WhiteElo "2168"]
[BlackElo "1940"]
[PlyCount "99"]
[EventDate "2008.05.11"]
[EventType "swiss"]
[EventRounds "11"]
[EventCountry "IND"]
[SourceTitle "CBM 124 Extra"]
[Source "ChessBase"]
[SourceDate "2008.07.03"]
[SourceVersion "1"]
[SourceVersionDate "2008.07.03"]
[SourceQuality "1"]

1. d4 Nf6 2. Nf3 g6 3. g3 Bg7 4. Bg2 d6 5. 0-0 0-0 6. c4 c6 7. Nc3 Qa5 8. e4 Qh5 9. Qb3 Bg4 10. Ne1 Nbd7 11. f3 Be6 12. Nd3 g5 13. d5 Bh3 14. Bxh3 Qxh3 15. Bxg5 Nh5 16. Ne2 Ndf6 17. Qxb7 Nxe4 18. fxe4 Qg4 19. Nef4 Nxg3 20. hxg3 Qxg3+ 21. Kh1 Qxg5 22. Qd7 f5 23. Rf2 Rf6 24. Rh2 Qg4 25. Rf1 Raf8 26. e5 R6f7 27. Qe6 Kh8 28. Ng6+ Kg8 29. Nxe7+ Kh8 30. Ng6+ Kg8 31. Ngf4 Qg3 32. dxc6 dxe5 33. Nxe5 Bxe5 34. Rg2 Bxf4 35. Rxf4 Qxg2+ 36. Kxg2 Kh8 37. Kf3 Rf6 38. Qe5 Kg7 39. Rxf5 Kg6 40. Rxf6+ Rxf6+ 41. Qxf6+ Kxf6 42. c7 Kg5 43. c8Q h5 44. Qg8+ Kf5 45. Qd5+ Kf6 46. Kf4 Kg7 47. Kg5 Kh7 48. Qf7+ Kh8 49. Kg6 h4 50. Qg7# 1-0

[Event "Mumbai Mayors Cup 1st"]
[Site "Mumbai"]
[Date "2008.05.14"]
[Round "5"]
[White "Yogesh, Gautam"]
[Black "Joshi, Manish"]
[Result "0-1"]
[WhiteElo "1836"]
[BlackElo "2168"]
[PlyCount "68"]
[EventDate "2008.05.11"]
[EventType "swiss"]
[EventRounds "11"]
[EventCountry "IND"]
[SourceTitle "CBM 124 Extra"]
[Source "ChessBase"]
[SourceDate "2008.07.03"]
[SourceVersion "1"]
[SourceVersionDate "2008.07.03"]
[SourceQuality "1"]

1. e4 c5 2. Nf3 d6 3. Bb5+ Bd7 4. Bxd7+ Qxd7 5. 0-0 Nc6 6. c4 Nf6 7. Nc3 e6 8. d3 Be7 9. a3 0-0 10. Rb1 Ne8 11. b4 b6 12. Re1 Nc7 13. Bg5 f6 14. Bd2 Rae8 15. h3 Kh8 16. Qe2 Nd4 17. Qd1 f5 18. exf5 Rxf5 19. Nxd4 cxd4 20. Ne2 e5 21. f4 Rff8 22. Rf1 b5 23. fxe5 dxe5 24. c5 Rxf1+ 25. Qxf1 Rf8 26. Qd1 Qf5 27. Be1 Qf1+ 28. Kh2 Nd5 29. Bg3 Qf5 30. Qb3 Ne3 31. Kg1 h5 32. Bf4 exf4 33. Nxd4 Qg6 34. Qb2 Bf6 0-1

[Event "Mumbai Mayors Cup 1st"]
[Site "Mumbai"]
[Date "2008.05.12"]
[Round "2"]
[White "Joshi, Manish"]
[Black "Kochrekar, Vishwesh"]
[Result "1-0"]
[WhiteElo "2168"]
[BlackElo "1864"]
[PlyCount "51"]
[EventDate "2008.05.11"]
[EventType "swiss"]
[EventRounds "11"]
[EventCountry "IND"]
[SourceTitle "CBM 124 Extra"]
[Source "ChessBase"]
[SourceDate "2008.07.03"]
[SourceVersion "1"]
[SourceVersionDate "2008.07.03"]
[SourceQuality "1"]

1. d4 d5 2. c4 e6 3. Nf3 Nf6 4. Nc3 c6 5. Bg5 Be7 6. cxd5 exd5 7. e3 0-0 8. Qc2 Nbd7 9. Bd3 Re8 10. 0-0 Nf8 11. Rae1 g6 12. Ne5 Ne6 13. f4 Ng7 14. f5 Bxf5 15. Bxf5 Nxf5 16. g4 Nd6 17. Qf2 Kg7 18. Qf4 Ng8 19. Nxf7 Bxg5 20. Nxg5 Qe7 21. e4 dxe4 22. Ncxe4 Nxe4 23. Rxe4 Qd7 24. Qf7+ Qxf7 25. Rxf7+ Kh6 26. h4 1-0